[Event "43rd North Shore Open"]
[Site "Auckland NZL"]
[Date "2016.08.21"]
[Round "4.1"]
[White "McLaren, Leonard J"]
[Black "Hague, Ben"]
[Result "1-0"]
[WhiteElo "2340"]
[BlackElo "2480"]
[PlyCount "35"]
[EventDate "2016.08.20"]

1. e4 c5 2. c3 d5 3. exd5 Qxd5 4. d4 Bf5 5. Be3 Nc6 6. Nf3 Nf6 7. Na3 O-O-O 8.
Bc4 Qe4 9. O-O cxd4 10. cxd4 Bg4 11. Be2 e6 12. Rc1 Kb8 13. Nb5 a6 14. Ng5 Bxe2
15. Qxe2 Qf5 16. Nxf7 axb5 17. Rxc6 bxc6 18. Nxd8 1-0

[Event "43rd North Shore Open"]
[Site "Auckland NZL"]
[Date "2016.08.21"]
[Round "4.2"]
[White "Polishchuk, Kirill"]
[Black "Morrell, Gordon"]
[Result "1-0"]
[WhiteElo "2231"]
[BlackElo "2161"]
[PlyCount "55"]
[EventDate "2016.08.20"]

1. e4 c5 2. Nc3 Nc6 3. f4 g6 4. Nf3 Bg7 5. Bc4 e6 6. Nb5 d6 7. a4 Nge7 8. d3
O-O 9. O-O b6 10. Qe1 d5 11. Ba2 a6 12. Nc3 b5 13. Qf2 Nd4 14. Kh1 Bb7 15. e5
b4 16. Nxd4 bxc3 17. Nf3 cxb2 18. Bxb2 Bc6 19. Ba3 Bxa4 20. Bxc5 Rc8 21. d4 Re8
22. Bb3 Bb5 23. Rfc1 Nc6 24. c4 Na5 25. Rxa5 dxc4 26. Rxb5 axb5 27. Bd1 Qd5 28.
Nd2 1-0

[Event "43rd North Shore Open"]
[Site "Auckland NZL"]
[Date "2016.08.21"]
[Round "4.3"]
[White "Fan, Allen Chi Zhou"]
[Black "Ang, Alphaeus Wei Ern"]
[Result "0-1"]
[WhiteElo "2053"]
[BlackElo "2210"]
[PlyCount "74"]
[EventDate "2016.08.20"]

1. Nf3 Nf6 2. c4 g6 3. b4 Bg7 4. Bb2 O-O 5. g3 c6 6. Bg2 a5 7. b5 d5 8. a4 dxc4
9. Na3 Be6 10. Rc1 cxb5 11. axb5 Nbd7 12. Nxc4 Nb6 13. Ne3 a4 14. Nd4 Bd5 15.
Nxd5 Nfxd5 16. Ba1 Qd7 17. O-O a3 18. Qb3 Ra4 19. Nc2 Rfa8 20. e4 Nf6 21. Bc3
Nxe4 22. Bxe4 Rxe4 23. Nxa3 Qh3 24. Rfe1 Raa4 25. Rxe4 Rxe4 26. Bxg7 Kxg7 27.
Qf3 Qe6 28. Rc7 f6 29. Rxb7 Qd5 30. Rxb6 Re1+ 31. Kg2 Rg1+ 32. Kxg1 Qxf3 33.
Nc4 Qd5 34. Ne3 Qxd2 35. Rc6 Qe1+ 36. Kg2 Qa5 37. b6 Qa8 0-1

[Event "43rd North Shore Open"]
[Site "Auckland NZL"]
[Date "2016.08.21"]
[Round "4.4"]
[White "Capel, Evan T"]
[Black "Browne, Jeremy A"]
[Result "1-0"]
[WhiteElo "2411"]
[BlackElo "2136"]
[PlyCount "49"]
[EventDate "2016.08.20"]

1. b4 d5 2. Bb2 Bf5 3. e3 Nf6 4. c4 dxc4 5. Bxc4 e6 6. Qb3 Nbd7 7. Nf3 Nb6 8.
Be2 a5 9. bxa5 Rxa5 10. O-O Be7 11. d4 O-O 12. Rc1 Bd6 13. Ba3 Bxb1 14. Bxd6
Qxd6 15. Raxb1 Rfa8 16. Rb2 Rh5 17. Ne5 Rh6 18. Qc2 Qa3 19. Rb3 Qxa2 20. Qxa2
Rxa2 21. Rxb6 Rxe2 22. Rxb7 Ne8 23. Rb8 Kf8 24. Kf1 Ra2 25. Rxc7 1-0

[Event "43rd North Shore Open"]
[Site "Auckland NZL"]
[Date "2016.08.21"]
[Round "4.5"]
[White "Riding, Christopher L"]
[Black "Picken, Oliver"]
[Result "0-1"]
[WhiteElo "1844"]
[BlackElo "1751"]
[PlyCount "98"]
[EventDate "2016.08.20"]

1. e4 e5 2. Nf3 Nc6 3. Bb5 a6 4. Bc4 Nf6 5. Nc3 Bc5 6. O-O d6 7. b3 Bg4 8. Be2
Qd7 9. Bb2 h6 10. d3 h5 11. Nd5 Rh6 12. Nh4 Nxd5 13. exd5 Nd4 14. Bxg4 hxg4 15.
c3 Nb5 16. g3 g5 17. Qd2 f6 18. a4 Qh7 19. Bc1 Nxc3 20. Re1 Nxd5 21. Qe2 Bb4
22. Rf1 Rh5 23. Qxg4 gxh4 24. Qe6+ Ne7 25. Qxf6 hxg3 26. Bg5 Rxg5 27. fxg3 Rf5
28. Rxf5 Qxf5 29. Qh8+ Qf8 30. Qh5+ Qf7 31. Qh8+ Ng8 32. Rf1 Bc5+ 33. Kg2 Qd5+
34. Kh3 O-O-O 35. Qg7 Qe6+ 36. g4 Qxb3 37. Rf7 Bb6 38. Qg6 e4 39. Kh4 Qxd3 40.
Qf5+ Kb8 41. Qg5 Re8 42. Rg7 Bf2+ 43. Kh5 Re5 44. Rxg8+ Ka7 45. Qxe5 dxe5 46.
h4 Qh3 47. a5 Qxh4+ 48. Kg6 Qxg4+ 49. Kf7 Qxg8+ 0-1

[Event "43rd North Shore Open"]
[Site "Auckland NZL"]
[Date "2016.08.21"]
[Round "4.6"]
[White "Gong, Daniel Hanwen"]
[Black "Zhang, Jasmine Haomo"]
[Result "1-0"]
[WhiteElo "2264"]
[BlackElo "1940"]
[PlyCount "65"]
[EventDate "2016.08.20"]

1. e4 c5 2. Nf3 d6 3. d4 cxd4 4. Nxd4 Nf6 5. Nc3 a6 6. g3 e6 7. Bg2 Be7 8. O-O
Qc7 9. Be3 Nc6 10. f4 Bd7 11. Nb3 Na5 12. Nxa5 Qxa5 13. a3 Rc8 14. h3 Bc6 15.
Qd2 b5 16. g4 Qc7 17. f5 Qb7 18. Qd3 exf5 19. Rxf5 Nd7 20. Bd4 f6 21. Nd5 Ne5
22. Bxe5 dxe5 23. g5 Bd7 24. Nxe7 Kxe7 25. gxf6+ gxf6 26. Rxf6 Be6 27. Raf1
Rhg8 28. Qf3 Qb6+ 29. Kh1 Rg7 30. Rf8 Rc7 31. Qf6+ Kd6 32. Rd1+ Kc6 33. Qxe6+
1-0

[Event "43rd North Shore Open"]
[Site "Auckland NZL"]
[Date "2016.08.21"]
[Round "4.7"]
[White "Johns, Daniel P"]
[Black "Krstev, Antonio"]
[Result "1/2-1/2"]
[WhiteElo "1979"]
[BlackElo "2086"]
[PlyCount "48"]
[EventDate "2016.08.20"]

1. e4 e6 2. d4 d5 3. Nd2 Nf6 4. e5 Nfd7 5. Bd3 c5 6. c3 Nc6 7. Ne2 f6 8. exf6
Qxf6 9. Nf3 h6 10. Qc2 Bd6 11. Bg6+ Kd8 12. O-O Ne7 13. Bh5 e5 14. dxe5 Nxe5
15. Nxe5 Qxe5 16. Bf4 Qf6 17. Bxd6 Qxd6 18. Rad1 Kc7 19. Bf3 Be6 20. b4 Rad8
21. bxc5 Qxc5 22. Nd4 Bd7 23. Rfe1 Rhe8 24. Qd3 Kb8 1/2-1/2

[Event "43rd North Shore Open"]
[Site "Auckland NZL"]
[Date "2016.08.21"]
[Round "4.8"]
[White "Duneas, John"]
[Black "Hair, Philip I"]
[Result "1/2-1/2"]
[WhiteElo "2205"]
[BlackElo "1942"]
[PlyCount "113"]
[EventDate "2016.08.20"]

1. d4 Nf6 2. c4 d6 3. Nf3 c6 4. Nc3 Qc7 5. Bg5 Nbd7 6. e4 e5 7. Be2 Be7 8. O-O
a5 9. Qd2 O-O 10. Rfd1 Re8 11. h3 Bf8 12. Qc2 h6 13. Be3 Rb8 14. dxe5 dxe5 15.
Na4 b6 16. a3 Ba6 17. Rd2 Qb7 18. Rb1 b5 19. cxb5 cxb5 20. Nc3 b4 21. Bxa6 Qxa6
22. axb4 axb4 23. Nd5 b3 24. Qd1 Qb7 25. Nc3 Nc5 26. Bxc5 Bxc5 27. Qe2 Bb4 28.
Rd3 Bxc3 29. Rxc3 Qxe4 30. Qd1 Qd5 31. Qxd5 Nxd5 32. Rc5 e4 33. Nd4 Nf4 34. Kf1
Ne6 35. Nxe6 Rxe6 36. Rbc1 Ree8 37. R1c3 Rb4 38. Ke2 Ra8 39. Rd5 Ra2 40. Rd2
Rb5 41. Ke3 f5 42. g4 fxg4 43. hxg4 Ra4 44. Rd7 Rab4 45. Rd4 Rxd4 46. Kxd4 Rg5
47. Rg3 e3 48. Kxe3 Rc5 49. Ke4 Rc2 50. Rxb3 Rxf2 51. Rb5 g5 52. Rb7 Rf4+ 53.
Ke5 Rxg4 54. Kf6 Rf4+ 55. Kg6 Kf8 56. Kxh6 g4 57. Rb8+ 1/2-1/2

[Event "43rd North Shore Open"]
[Site "Auckland NZL"]
[Date "2016.08.21"]
[Round "4.9"]
[White "Goodhue, Nathan"]
[Black "Ha, Huy Minh (Timothy)"]
[Result "1-0"]
[WhiteElo "2036"]
[BlackElo "1746"]
[PlyCount "103"]
[EventDate "2016.08.20"]

1. c4 c5 2. Nc3 g6 3. g3 Bg7 4. Bg2 Nc6 5. e4 Nf6 6. Nge2 O-O 7. O-O d6 8. h3
Rb8 9. d3 a6 10. a4 Nd7 11. f4 Nd4 12. Kh2 b6 13. Rb1 Bb7 14. b4 cxb4 15. Rxb4
Nc5 16. Nxd4 Bxd4 17. Ne2 Bg7 18. Bb2 Bxb2 19. Rxb2 Bc6 20. Nc3 e6 21. d4 Nd7
22. Qe2 Qc7 23. Rc1 b5 24. cxb5 axb5 25. axb5 Bb7 26. Rbc2 Qb6 27. Qf2 Rfc8 28.
Bf1 Rxc3 29. Rxc3 Bxe4 30. Rc8+ Rxc8 31. Rxc8+ Kg7 32. Qd2 Bb7 33. Rc2 Nf6 34.
Rb2 Ne4 35. Qd3 d5 36. Bg2 Nd6 37. Qc3 Nc4 38. Rb4 Qa7 39. Rxc4 dxc4 40. Bxb7
Qxb7 41. Qxc4 Qf3 42. Qc2 h5 43. h4 Kh7 44. Qb2 f6 45. b6 Qb7 46. Qb3 Qe4 47.
Qb2 Qb7 48. Kg1 Qf3 49. Kh2 Qb7 50. d5 exd5 51. Qxf6 d4 52. f5 1-0